The Twilight Name Game - Statistics

General Stats
  • This quiz has been taken 2,562 times
  • The average score is 35 of 86
Answer Stats
Surname/Coven First Name % Correct
Swan Bella
100%
Cullen Edward
99%
Jenks J
98%
Cullen Alice
97%
Black Jacob
95%
Hale Jasper
94%
Cullen Esme
90%
Hale Rosalie
90%
Cullen Emmet
89%
Cullen Carlisle
87%
Swan Charlie
82%
Uley Sam
74%
Cullen Renesmee
73%
Clearwater Leah
72%
Volturi Aro
71%
Clearwater Seth
71%
Volturi Jane
68%
Black Billy
67%
Stanley Jessica
67%
Newton Mike
64%
Dwyer Renee
62%
Nomad Victoria
57%
Weber Angela
55%
Nomad James
55%
Volturi Alec
51%
Volturi Caius
51%
Mallory Lauren
51%
Yorkie Eric
50%
Clearwater Harry
50%
Volturi Marcus
50%
Ateara Quil
50%
Clearwater Sue
46%
Denali Irina
45%
Lahote Paul
44%
Egyptian Benjamin
43%
Call Embry
43%
Denali Kate
42%
Biers Riley
41%
Denali Tanya
40%
Tanner Bree
38%
Nomad Laurent
38%
Young Emily
36%
Volturi Felix
36%
Crowley Tyler
36%
Amazon Zafrina
34%
Volturi Demetri
31%
Dwyer Phill
30%
Denali Carmen
28%
Nomad Garrett
28%
Cameron Jared
28%
Black Rachel
28%
Romanian Vladimir
27%
Egyptian Amun
26%
Nomad Peter
26%
Black Rebecca
26%
Denali Eleazar
25%
Romanian Stefan
24%
Nomad Charlotte
23%
Irish Maggie
23%
Irish Siobhan
23%
Volturi Heidi
22%
Egyptian Tia
22%
Amazon Senna
21%
Nomad Alistair
20%
Irish Liam
18%
Egyptian Kebi
17%
Volturi Chelsea
16%
Nomad Mary
16%
Nomad Maria
15%
Black Sarah
15%
Volturi Sulpicia
15%
Denali Sasha
14%
Littlesea Collin
13%
Volturi Didyme
13%
Volturi Renata
13%
Fuller Brady
12%
Nomad Randall
12%
Nomad Nahuel
11%
Volturi Santiago
11%
Volturi Afton
10%
Volturi Corin
10%
Nomad Huilen
10%
Nomad Lucy
10%
Volturi Athendora
7%
Nomad Nettie
7%
Ateara Old Quil
7%
No matching quizzes found
Score Distribution
Percent of People with Each Score
Percentile by Number Answered
Your Score History
You have not taken this quiz